00486nam a2200121 4500245008900000100002800089260004200117300001700159490003500176082002100211952011700232999001500349 aWomen in the sacred lawscby Shakuntala Rao Shastri ; with a foreword by F.W. Thomas aRao Shastri, Shakuntala aBombaybBharatiya Vidya Bhavan c1959 a189p.; 18cm aBhavan book University ; no.13 aPCb294.5926 RAO 00102ddc4051718GEYAaNEHUbNEHUd2011-11-24l0oPC 294.5926 RAOpB1523r2011-11-24 00:00:00w2011-11-24yPC c3942d3942